Historia financiera del Banco Nacional de México : porfiriato, 1884-1910 /
Historia financiera de Banamex durante el porfiriato (con intención de continuar desarrollando los siguientes períodos), que comienza por estudiar el papel que han jugado históricamente los bancos en economías que están despegando y el contexto socio-histórico en que surgió Banamex. El texto analiza...
Bewaard in:
| Hoofdauteur: | |
|---|---|
| Andere auteurs: | , , , , |
| Formaat: | Boek |
| Taal: | Spaans |
| Gepubliceerd in: |
México :
Banco Nacional de México, Fomento Cultural,
1994, c1994
|
| Onderwerpen: | |
| Tags: |
Geen labels, Wees de eerste die dit record labelt!
|
MARC
| LEADER | 00000nam^a2200000^a^4500 | ||
|---|---|---|---|
| 001 | 000188402 | ||
| 005 | 20250521000000.0 | ||
| 009 | 20260310102334.988 | ||
| 020 | |a 968-7009-52-7 | ||
| 020 | |a 968-7009-53-5 | ||
| 037 | |a Acervo ITESO - Biblioteca | ||
| 041 | |a ESP | ||
| 082 | |a 332. 12230972 |b BAN V. 1 | ||
| 100 | |a Cerda González, Luis C. |e (autor) | ||
| 240 | 1 | 1 | |a [Historia financiera del Banco Nacional de México] |
| 245 | 1 | 0 | |a Historia financiera del Banco Nacional de México : |b porfiriato, 1884-1910 / |c L.C. Cerda González ; investigación de R. Escalante Díaz Ceballos, E. Marván Fragoso, J.L. Santiago Sánchez ; presen. de A. Harp Helú, R. Hernández Ramírez. |
| 264 | 4 | |a México : |b Banco Nacional de México, Fomento Cultural, |c 1994, c1994 | |
| 300 | |a 2 v. (502, 663 p.) | ||
| 336 | |a texto |b txt |2 rdacontenido | ||
| 337 | |a sin mediación |b n |2 rdamedio | ||
| 338 | |a volumen |b nc |2 rdasoporte | ||
| 520 | |a Historia financiera de Banamex durante el porfiriato (con intención de continuar desarrollando los siguientes períodos), que comienza por estudiar el papel que han jugado históricamente los bancos en economías que están despegando y el contexto socio-histórico en que surgió Banamex. El texto analiza después la evolución financiera de la empresa, reproduce los documentos fuente en los cuales se basa tal análisis y presenta resúmenes de las actas semanales del Consejo de Administración del banco. La obra ciera con una reproducción facsimilar de los informes anuales de la institución. | ||
| 649 | |a XX | ||
| 650 | |a Banco Nacional de México - |x Historia - |y Porfirismo, 1876-1911 | ||
| 650 | |a Bancos y Operaciones Bancarias - |z México - |x Historia - |y Porfirismo, 1876-1911 | ||
| 650 | |a Finanzas - |z México - |x Historia - |y Porfirismo, 1876-1911 | ||
| 650 | |a Economía - |z México - |x Historia - |y Porfirismo, 1876-1911 | ||
| 650 | |a México - |x Historia - |y Porfirismo, 1876-1911 | ||
| 650 | |a México - |x Condiciones Económicas | ||
| 700 | |a Escalante Díaz Ceballos, Raúl |e (investigación) | ||
| 700 | |a Marván Fragoso, Elizabeth |e (investigación) | ||
| 700 | |a Santiago Sánchez, Jorge L. |e (investigación) | ||
| 700 | |a Harp Helú, Alfredo |e (presentación) | ||
| 700 | |a Hernández Ramírez, Roberto |e (presentación) | ||
| 910 | |a Fondo General | ||
| 920 | |a Impresos - Libros | ||
| 930 | |a Colección General | ||
| 905 | |a 101 | ||
| 901 | |a 0500131073 |b IT1 |c ACC |u 20250521 | ||
| 901 | |a 0500131070 |b IT1 |c ACC |u 20250521 | ||
| 902 | |a https://opac.biblio.iteso.mx/vufind/Record/000188402 | ||